X-Men Main Movies / Series in Order - Statistics

General Stats
  • This quiz has been taken 73 times
  • The average score is 9 of 18
Answer Stats
Hint Answer % Correct
2000 (Jul) X-Men
79%
2003 X2
72%
2006 X-Men: The Last Stand
64%
2016 (May) X-Men: Apocalypse
62%
1992 X-Men: The Animated Series
60%
2024 (Jul) Deadpool & Wolverine
57%
2014 X-Men: Days of Future Past
57%
2019 Dark Phoenix
53%
2009 (Apr) X-Men Origins: Wolverine
53%
2013 The Wolverine
47%
2000 (Nov) X-Men: Evolution
47%
2020 The New Mutants
45%
2024 (Mar) X-Men ‘97
45%
2011 X-Men: First Class
45%
2016 (Feb) Deadpool
43%
2017 Logan
43%
2018 Deadpool 2
36%
2009 (Jan) Wolverine and the X-Men
19%
No matching quizzes found
Score Distribution
Percent of People with Each Score
Percentile by Number Answered
Your Score History
You have not taken this quiz